Chansons 🎶 en emojis 🎤 #5 - Statistiques

Statistiques générales
  • Ce quiz a été pris 1 353 fois
  • Le résultat moyen est 4 sur 10
Statistiques - réponses
Titre % Correct
⤵️ 🛣 Sur ma route Black M
95%
👸 Reine Dadju
86%
🦁 ⚰️ 🌃 Le lion est mort ce soir Henri Salvador
76%
👩‍👩‍👧‍👧 📆 Les filles d'aujourd'hui Joyce Jonathan et Vianney
46%
⌛️ 💗 Le temps de l'amour Françoise Hardy
42%
👩 ⏬ ⛰ 🐎 Elle descend de la montagne à cheval Hugues Aufray
28%
🎠 🙋 Mon manège à moi Jean Constantin
10%
🌹🌹 🤫 Les roses de mon silence Grégoire
6%
👀 🧒👧 Nos yeux d'enfants Olympe
4%
🤩 👧 Jolie môme Léo Ferré
2%
Aucun quiz correspondant
Distribution des résultats
% des personnes avec chaque résultat
Percentile par nombre de réponses
Votre historique - résultats
Vous n’avez pas pris ce quiz